Efecto de aditivos acelerantes en concretos convencionales
Na minha lista:
| Autor principal: | |
|---|---|
| Outros Autores: | |
| Formato: | Livro |
| Publicado em: |
San José, Costa Rica
2004
|
| Assuntos: | |
| Tags: |
Adicionar Tag
Sem tags, seja o primeiro a adicionar uma tag!
|
MARC
| LEADER | 00000nam a2200000Ia 4500 | ||
|---|---|---|---|
| 003 | 009265 | ||
| 005 | 20240522132949.0 | ||
| 008 | 140114s2004 cr a m 000 ||s d | ||
| 040 | |c cru CEDI | ||
| 090 | |a TFG 4805 | ||
| 100 | |a Talavera Román, Joaquín Bernal, 1976- |9 3094 | ||
| 245 | |a Efecto de aditivos acelerantes en concretos convencionales | ||
| 260 | |a San José, Costa Rica |c 2004 | ||
| 300 | |a 115 hojas : ilustraciones (algunas a color) | ||
| 500 | |a Proyecto de graduación (licenciatura en ingeniería civil)--Universidad de Costa Rica, Facultad de Ingeniería, Escuela de Ingeniería Civil | ||
| 501 | |a Director de Proyecto de Graduación: Ing. Alejandro Navas Carro. | ||
| 650 | |x HORMIGON - ADITIVOS |x AGREGADOS (MATERIALES DE CONSTRUCCION) -INVESTIGACIONES |x RESISTENCIA DE MATERIALES - INVESTIGACIONES |x |9 6663 | ||
| 700 | |a Navas Carro, Alejandro, 1967- |d Director del TFG |9 142 | ||
| 942 | |c TFG |h TFG 4805 |i 009265 |6 TFG_4805_009265000000000 | ||
| 999 | |c 17628 |d 17628 | ||
